Satélites artificiales

Na minha lista:
Detalhes bibliográficos
Autor principal: García Benedictis, Rafael
Outros Autores: Camacho Quirós, Franklin , 1953-
Formato: Livro
Publicado em: [San José , Costa Rica] 1978
Tags: Adicionar Tag
Sem tags, seja o primeiro a adicionar uma tag!

MARC

LEADER 00000nam a2200000Ia 4500
003 PIT157
005 20231212091637.0
008 140116s1978 cr a m 000 ||s d
040 |c cru CEDI 
090 |a PIT-157 
100 |a García Benedictis, Rafael   |9 18181 
245 |a Satélites artificiales 
260 |a [San José , Costa Rica]  |c 1978 
300 |a 20 hojas 
500 |a Universidad de Costa Rica. Facultad de Ingeniería. Carrera de Topografía.  
700 |a Camacho Quirós, Franklin , 1953-  |9 2043 
942 |c PIT  |h PIT-157  |i PIT157  |6 PIT_157_PIT157 
999 |c 13504  |d 13504